| 000 | 00506 a2200181 4500 | ||
|---|---|---|---|
| 003 | OSt | ||
| 005 | 20240208153326.0 | ||
| 008 | 240117b |||||||| |||| 00| 0 eng d | ||
| 020 | _a9788182716550 | ||
| 040 | _coclc | ||
| 082 |
_bRAZ/H _a297 |
||
| 100 |
_aRazzaq, M.S.A. _910278 |
||
| 245 |
_aHajj Kalika Chinthakal / _cM.S.A. Razzaq |
||
| 250 | _a1st ed. | ||
| 260 |
_aKozhikode: _bIslamic Publishing House, _c2014. |
||
| 300 | _a88p. | ||
| 942 |
_2ddc _cBK _h297 _iRAZ/H _k297 _mRAZ/H |
||
| 999 |
_c43227 _d43227 |
||